Stati con più Induisti in America del Nord - Statistics

Statistiche generali
  • Questo quiz è stato fatto 8 volte
  • Il punteggio medio è 9 su 10
Statistiche sulle risposte
Induisti (in numeri assoluti) Stato % Corretto
828 200 Canada
100%
23 927 Cuba
100%
1 836 Giamaica
100%
3 338 210 Stati Uniti
100%
612 Belize
88%
9 726 Panama
88%
860 Saint Kitts e Nevis
88%
630 Grenada
75%
1 055 Barbados
63%
240 100 Trinidad e Tobago
63%
Nessun quiz corrispondente trovato
Distribuzione punteggi
Percentuale di utenti per punteggio
Percentile per numero di risposta
I tuoi punteggi nel tempo
Non hai fatto questo quiz